Statistics for Guess that amendment

Click here to take the quiz!

General Stats

  • This quiz has been taken 127 times
  • The average score is 11 of 17

Answer Stats

HintAnswer% Correct
Separation of church and state, freedom of religion, freedom of speech, freedom of the press
1st
83%
Right to bear arms
2nd
83%
The federal government only has the powers given to it by
the Constitution, other powers are reserved for the states
10th
77%
Bans unreasonable "search and seizure", requires search warrants
4th
75%
Right to due process, bans self-incrimination, bans double jeopardy
5th
75%
Bans "cruel and unusual punishment"
8th
74%
Bans slavery, except as punishment for a crime
13th
70%
Introduces direct election of US senators (previously appointed by state legislatures)17th
68%
Changes the process for selecting the president and VP12th
64%
The right to vote cannot be denied to someone because of their gender (women's suffrage)19th
64%
The right to vote cannot be denied to someone
because of their race or because they are an ex-slave
15th
62%
Prohibition of alcohol (later repealed)18th
62%
Defines who holds citizenship, guarantees equality under the law
14th
60%
Lowers voting age to 1826th
58%
Adds term limits for the office of president22nd
57%
Eliminates poll taxes, declares the right to vote cannot
be denied to someone because of non-payment of taxes
24th
57%
Allows a new VP to be appointed if the office is vacant,
allows the cabinet to have the president declared "disabled".
25th
53%

Score Distribution

Percentile by Number Answered

Percent of People with Each Score

Your Score History

You have not taken this quiz